000 00838cam a22002773a 4500
001 27472
003 PGUSA
005 20140828083607.0
008 081209s2008||||xxu|||||s|||||000 1 eng d
040 _aPGUSA
_beng
042 _adc
050 4 _aPZ
100 1 _aLa Bédollière, Emile de,
_d1812-1883
245 1 4 _aThe Story of a Cat
_h[electronic resource] /
_cEmile de La Bédollière
260 _bProject Gutenberg,
_c2008
506 _aPublic domain in the USA.
516 _aElectronic text
653 _aCats -- Juvenile fiction
653 _aPets -- Juvenile fiction
653 _aOlder women -- Juvenile fiction
700 1 _aAldrich, Thomas Bailey,
_d1836-1907
700 1 _aHopkins, Livingston,
_d1846-1927
830 0 _aProject Gutenberg
_v27472
856 4 0 _uhttp://www.gutenberg.org/ebooks/27472
942 _cEB
999 _c256727
_d256727